Most & Least Guessed European Countries - Statistics

General Stats
  • This quiz has been taken 22 times
    17 since last reset
  • The average score is 19 of 20
Answer Stats
Rank Country Percent Correct % Correct
Most #1 France 98% Correct
100%
Most #3 Germany 97% Correct
100%
Most #6 Ireland 95% Correct
100%
Most #4 Italy 97% Correct
100%
Least #1 Montenegro 68% Correct
100%
Most #8 Russia 95% Correct
100%
Most #5 Spain 97% Correct
100%
Most #2 United Kingdom 98% Correct
100%
Most #10 Finland 94% Correct
93%
Least #6 Liechtenstein 71% Correct
93%
Least #5 Malta 71% Correct
93%
Most #7 Portugal 95% Correct
93%
Most #9 Sweden 95% Correct
93%
Least #4 Kosovo 69% Correct
87%
Least #3 Moldova 69% Correct
87%
Least #7 North Macedonia 73% Correct
87%
Least #2 San Marino 69% Correct
87%
Least #10 Bulgaria 77% Correct
80%
Least #8 Monaco 74% Correct
80%
Least #9 Serbia 77% Correct
80%
No matching quizzes found
Score Distribution
Percent of People with Each Score
Percentile by Number Answered
Your Score History
You have not taken this quiz since the last reset